Čo by mal podnikateľ vedieť o daňovej kontrole
Začatie daňovej kontroly. Povinnosti správcu dane. Povinnosti kontrolovaného subjektu. Protokol o daňovej kontrole. Opakovaná daňová kontrola. Predbežné opatrenie.
Na minha lista:
| Autor principal: | |
|---|---|
| Formato: | Capítulo de Livro |
| Idioma: | eslovaco |
| Assuntos: | |
| Tags: |
Sem tags, seja o primeiro a adicionar uma tag!
|
MARC
| LEADER | 00000naa$a2200000$$$4500 | ||
|---|---|---|---|
| 001 | 0035204 | ||
| 005 | 20231109113933.8 | ||
| 041 | 0 | |a slo | |
| 044 | |a SK | ||
| 245 | 1 | 0 | |a Čo by mal podnikateľ vedieť o daňovej kontrole |c Viera Klasová |
| 520 | |a Začatie daňovej kontroly. Povinnosti správcu dane. Povinnosti kontrolovaného subjektu. Protokol o daňovej kontrole. Opakovaná daňová kontrola. Predbežné opatrenie. | ||
| 610 | 2 | 0 | |a povinnosť daňová |
| 610 | 2 | 0 | |a kontrola daňová |
| 610 | 2 | 0 | |a podnikatelia |
| 610 | 2 | 0 | |a správa daňová |
| 610 | 2 | 0 | |a opatrenia |
| 100 | 1 | |a Klasová, Viera | |